Alejo Carpentier : Premio Miguel de Cervantes 1977 /
Gespeichert in:
| 1. Verfasser: | |
|---|---|
| Format: | Buch |
| Sprache: | Spanisch |
| Veröffentlicht: |
Barcelona, España : Madrid, España :
Anthropos ; Ministerio de Cultura,
1988, c1988
|
| Schriftenreihe: | (Ambitos Literarios. Premios Cervantes ;
2) |
| Schlagworte: | |
| Tags: |
Keine Tags, Fügen Sie das erste Tag hinzu!
|
MARC
| LEADER | 00000nam^a2200000^a^4500 | ||
|---|---|---|---|
| 001 | 000139945 | ||
| 005 | 20250521000000.0 | ||
| 009 | 20260310095522.358 | ||
| 020 | |a 84-7658-089-4 | ||
| 037 | |a Acervo ITESO - Biblioteca | ||
| 041 | |a ESP | ||
| 082 | |a 860. 9 |b PRE 1977 | ||
| 100 | |a Carpentier, Alejo |e (autor) | ||
| 245 | 1 | 0 | |a Alejo Carpentier : |b Premio Miguel de Cervantes 1977 / |c A. Carpentier ; textos de Francisco J. Díaz de Castro, María Payeras Grau, Paco Tovar, Julio Rodríguez Puértolas. |
| 264 | 4 | |a Barcelona, España : |b Anthropos ; |a Madrid, España : |b Ministerio de Cultura, |c 1988, c1988 | |
| 300 | |a 141 p. | ||
| 336 | |a texto |b txt |2 rdacontenido | ||
| 337 | |a sin mediación |b n |2 rdamedio | ||
| 338 | |a volumen |b nc |2 rdasoporte | ||
| 440 | 1 | |a (Ambitos Literarios. |p Premios Cervantes ; |v 2) | |
| 545 | 0 | |a El cubano Alejo Carpentier (La Habana, 1904 - París, 1980), es reconocido por la gran riqueza de su lenguaje, de altos vuelos líricos, cercanos a la música. Autor de una narrativa plena de barroquismo y que bebe por igual de la cultura popular caribeña, que de fuentes clásicas, Carpentier es el creador de lo real maravilloso, expresión literaria de las visiones mágicas que perviven en numerosos grupos sociales de Latinoamérica. Fue también político y diplomático, ocupando como tal cargos destacados. Carpentier es autor, entre otros títulos, de Los pasos perdidos (1953), Guerra del tiempo (1956), El acoso (1958), El siglo de las luces (1962), El recurso del método (1974), Concierto barroco (1974) y La consagración de la primavera (1978). El Premio Internacional Alfonso Reyes (1975), el Premio Cino del Duca (1975) y el Premio Cervantes (1977), fueron algunos de los reconocimientos recibidos por el escritor. | |
| 586 | |a Premio Miguel de Cervantes 1977 | ||
| 649 | |a XX | ||
| 650 | |a Escritores Cubanos - |x Discursos | ||
| 650 | |a Escritores Iberoamericanos - |x Premios | ||
| 650 | |a Discursos Cubanos (Oratoria) | ||
| 650 | |a Novela Cubana - |x Historia y Crítica | ||
| 650 | |a Literatura Cubana - |x Historia y Crítica | ||
| 650 | |a Literatura Cubana - |y Siglo XX | ||
| 650 | |a Literatura Iberoamericana - |x Premios | ||
| 650 | |a Carpentier, Alejo - |x Tema Principal | ||
| 910 | |a Fondo General | ||
| 920 | |a Impresos - Libros | ||
| 930 | |a Colección General | ||
| 940 | |a Literatura | ||
| 905 | |a 101 | ||
| 901 | |a 0500068500 |b IT1 |c LIT |u 20250521 | ||
| 902 | |a https://opac.biblio.iteso.mx/vufind/Record/000139945 | ||